000 00293nam a22001337a 4500
008 170320b xxu||||| |||| 00| 0 eng d
020 _a9780750675062
041 _aeng
080 _23 ED
_a616.8
100 _a7
101 _aSHM
245 _aCLINICAL NEUROLOGY
_cGELB.D.J
942 _2udc
_cBK
999 _c8071
_d8071